Rasagaṅgādharahr̥dayam. (Record no. 62040)

MARC details
000 -LEADER
fixed length control field 00856cam a22002771a 4500
001 - CONTROL NUMBER
control field sa 65001414
003 - CONTROL NUMBER IDENTIFIER
control field DLC
005 - DATE AND TIME OF LATEST TRANSACTION
control field 20260227112109.0
008 - FIXED-LENGTH DATA ELEMENTS--GENERAL INFORMATION
fixed length control field 900223s1964 ii 000 0 sano
010 ## - LIBRARY OF CONGRESS CONTROL NUMBER
LC control number sa 65001414
035 ## - SYSTEM CONTROL NUMBER
System control number (OCoLC)21115447
040 ## - CATALOGING SOURCE
Original cataloging agency DLC
Transcribing agency WaU
Modifying agency NSyU
-- DLC
042 ## - AUTHENTICATION CODE
Authentication code premarc
043 ## - GEOGRAPHIC AREA CODE
Geographic area code a-ii---
050 00 - LIBRARY OF CONGRESS CALL NUMBER
Classification number PK2916.J3
Item number R3 1964
100 0# - MAIN ENTRY--PERSONAL NAME
Personal name Jagannātha Paṇḍitarāja.
245 10 - TITLE STATEMENT
Title Rasagaṅgādharahr̥dayam.
Statement of responsibility, etc. lekhaka Jñanacandrastyāgī.
260 ## - PUBLICATION, DISTRIBUTION, ETC.
Place of publication, distribution, etc. Varnasī :
Name of publisher, distributor, etc. Carkharmbā,
Date of publication, distribution, etc. [1964]
300 ## - PHYSICAL DESCRIPTION
Extent 16, 120 p.
Dimensions 19 cm.
490 1# - SERIES STATEMENT
Series statement Vidyabhawan Sanskrit granthamala ;
Volume/sequential designation 110
500 ## - GENERAL NOTE
General note Added t.p. in English.
500 ## - GENERAL NOTE
General note In Sanskrit; pref. in English.
650 #0 - SUBJECT ADDED ENTRY--TOPICAL TERM
Topical term or geographic name entry element Sanskrit poetry
General subdivision History and criticism.
700 1# - ADDED ENTRY--PERSONAL NAME
Personal name Tyagi, Jnanachandra.
830 #0 - SERIES ADDED ENTRY--UNIFORM TITLE
Uniform title Vidyalhavana Samskrta Granthamala ;
Volume/sequential designation 110.

No items available.

Powered by Koha